MARC details
| 000 -CABECERA |
| campo de control de longitud fija |
02354nam a2200349 a 4500 |
| 001 - NÚMERO DE CONTROL |
| campo de control |
000017815 |
| 003 - IDENTIFICADOR DEL NÚMERO DE CONTROL |
| campo de control |
DO-SdBNP |
| 005 - FECHA Y HORA DE LA ÚLTIMA TRANSACCIÓN |
| campo de control |
20250115114737.0 |
| 007 - CAMPO FIJO DE DESCRIPCIÓN FÍSICA--INFORMACIÓN GENERAL |
| campo de control de longitud fija |
ta |
| 008 - DATOS DE LONGITUD FIJA--INFORMACIÓN GENERAL |
| campo de control de longitud fija |
100406t2003 dr 000 0bspa d |
| 020 ## - NÚMERO INTERNACIONAL ESTÁNDAR DEL LIBRO |
| Número Internacional Estándar del Libro |
9993455512 |
| 040 ## - FUENTE DE LA CATALOGACIÓN |
| Centro catalogador/agencia de origen |
DO-SdBNP |
| Lengua de catalogación |
spa |
| Centro/agencia transcriptor |
BNPHU |
| 082 #4 - NÚMERO DE LA CLASIFICACIÓN DECIMAL DEWEY |
| Número de clasificación |
923.77295 |
| Número de documento/Ítem |
H831g, 2003 |
| Número de edición |
22 |
| 100 1# - ENTRADA PRINCIPAL--NOMBRE DE PERSONA |
| Nombre de persona |
García Carrasco, Félix, |
| Fechas asociadas al nombre |
1920-2008 |
| 9 (RLIN) |
25358 |
| 245 13 - MENCIÓN DE TÍTULO |
| Título |
El evangelio vivo de Hostos / |
| Mención de responsabilidad, etc. |
Félix García Carrasco ; prólogo Tony Raful ; editor Tomás Castro Burdiez. |
| 250 ## - MENCIÓN DE EDICIÓN |
| Mención de edición |
2a. ed. |
| 260 ## - PUBLICACIÓN, DISTRIBUCIÓN, ETC. |
| Lugar de publicación, distribución, etc. |
Santo Domingo : |
| Nombre del editor, distribuidor, etc. |
Secretaría de Estado de Cultura : |
| -- |
Educarte, |
| Fecha de publicación, distribución, etc. |
2003. |
| 300 ## - DESCRIPCIÓN FÍSICA |
| Extensión |
235 p. ; |
| Dimensiones |
22 cm. |
| 500 ## - NOTA GENERAL |
| Nota general |
Incluye la cronología de fechas importantes en la vida de Hostos. |
| 500 ## - NOTA GENERAL |
| Nota general |
Incluye referencias bibliográficas y notas al pie de las páginas. |
| 504 ## - NOTA DE BIBLIOGRAFÍA, ETC. |
| Nota de bibliografía, etc. |
Bibliografía : p. 235. |
| 505 0# - NOTA DE CONTENIDO CON FORMATO |
| Nota de contenido con formato |
prólogo -- |
| Título |
Tony Raful -- |
| -- |
El evangelio vivo de Hostos -- |
| -- |
El desconocimiento de Hostos -- |
| -- |
La perspectiva histórica -- |
| -- |
La independencia intelectual / |
| Mención de responsabilidad |
Horace Mann -- |
| Título |
La pedagogía Hostosiana ; |
| -- |
Su concepto de la universidad ; |
| -- |
Su concepto de patria ; |
| -- |
Su concepto de humanidad; |
| -- |
Su lucha feminista -- |
| -- |
Pedagogía y sistemas pedagógicos -- |
| -- |
El escenario geográfico ; |
| -- |
I. El caballo de la madrina ; |
| -- |
II. Lilís se cansa periódicamente de la presidencia ; |
| -- |
Hostos en Chile -- |
| -- |
El escenario humano -- |
| -- |
El panorama histórico ; |
| -- |
Europa despues de Napoleón ; |
| -- |
La España del siglo XIX ; |
| -- |
Hostos y España ; |
| -- |
Hostos y el Krausismo español ; |
| -- |
La sociología en Hispanoamérica ; |
| -- |
Hostos y el socialismo -- |
| -- |
Filosofía y religión -- |
| -- |
El alcance de su prédica -- |
| -- |
El ideal de civilización -- |
| -- |
Sócrates, Comenio y Hostos ; |
| -- |
Sócrates ; |
| -- |
Comenio ; |
| -- |
Hostos -- |
| -- |
Los ultimos caminos -- |
| -- |
La República Dominicana después de Hostos -- |
| Información miscelánea |
Conclusiones -- |
| -- |
Índice de fechas importantes en la vida de Hostos. |
| 590 ## - NOTA LOCAL (RLIN) |
| Nota local |
Inventariado, 2020/VM |
| 600 10 - PUNTO DE ACCESO ADICIONAL DE MATERIA--NOMBRE DE PERSONA |
| Nombre de persona |
Hostos, Eugenio María de, |
| Fechas asociadas al nombre |
1839-1903 |
| 9 (RLIN) |
1352 |
| 650 #4 - PUNTO DE ACCESO ADICIONAL DE MATERIA--TÉRMINO DE MATERIA |
| Término de materia o nombre geográfico como elemento de entrada |
Educación |
| Subdivisión geográfica |
República Dominicana |
| Subdivisión general |
Historia |
| 9 (RLIN) |
13100 |
| 651 #4 - PUNTO DE ACCESO ADICIONAL DE MATERIA--NOMBRE GEOGRÁFICO |
| Nombre geográfico |
República Dominicana |
| Subdivisión general |
Condiciones sociales |
| -- |
Historia |
| 9 (RLIN) |
1211 |
| 700 1# - PUNTO DE ACCESO ADICIONAL--NOMBRE DE PERSONA |
| Nombre de persona |
Raful, Tony, |
| Fechas asociadas al nombre |
1951- |
| Término indicativo de función/relación |
pról. |
| 9 (RLIN) |
1377 |
| 700 ## - PUNTO DE ACCESO ADICIONAL--NOMBRE DE PERSONA |
| Nombre de persona |
Castro, Tomás, |
| Fechas asociadas al nombre |
1959- |
| Término indicativo de función/relación |
ed. |
| 9 (RLIN) |
24641 |
| 710 1# - PUNTO DE ACCESO ADICIONAL--NOMBRE DE ENTIDAD CORPORATIVA |
| Nombre de entidad corporativa o nombre de jurisdicción como elemento de entrada |
República Dominicana. |
| Unidad subordinada |
Secretaría de Estado de Cultura |
| 9 (RLIN) |
6453 |
| 910 ## - DATOS DE OPCIÓN DEL USUARIO (OCLC) |
| Datos de opción del usuario |
Validado. Control de calidad EMS |
| 942 ## - ELEMENTOS DE PUNTO DE ACCESO ADICIONAL (KOHA) |
| Fuente del sistema de clasificación o colocación |
Dewey Decimal Classification |
| Tipo de ítem Koha |
Libro |